Газофазное зажигание пленки жидкого конденсированного вещества нагретой до высоких температур металлической частицей в условиях смешанной конвекции; Инженерно-физический журнал; Т. 82, № 6

Detalles Bibliográficos
Parent link:Инженерно-физический журнал=Journal of Engineering Physics and Thermophysics: научный журнал/ Национальная академия наук Беларуси (НАНБ, НАН Беларуси), Институт тепло- и массообмена им. А. В. Лыкова (ИТМО).— , 1958-
Т. 82, № 6.— 2009.— С. 1052-1058
Autor principal: Кузнецов Г. В. Гений Владимирович
Otros Autores: Стрижак П. А. Павел Александрович
Lenguaje:ruso
Publicado: 2009
Materias:
Formato: Capítulo de libro
KOHA link:https://koha.lib.tpu.ru/cgi-bin/koha/opac-detail.pl?biblionumber=507474

MARC

LEADER 00000naa2a2200000 4500
001 507474
005 20240222064832.0
035 |a (RuTPU)RU\TPU\prd\179098 
035 |a RU\TPU\prd\179097 
090 |a 507474 
100 |a 20130528a2009 k y0rusy50 ca 
101 0 |a rus 
102 |a RU 
200 1 |a Газофазное зажигание пленки жидкого конденсированного вещества нагретой до высоких температур металлической частицей в условиях смешанной конвекции  |f Г. В. Кузнецов, П. А. Стрижак 
320 |a Библиогр.: с. 1058 (16 назв.) 
461 1 |0 (RuTPU)RU\TPU\prd\1514  |t Инженерно-физический журнал  |l Journal of Engineering Physics and Thermophysics  |o научный журнал  |f Национальная академия наук Беларуси (НАНБ, НАН Беларуси), Институт тепло- и массообмена им. А. В. Лыкова (ИТМО)  |d 1958- 
463 1 |0 (RuTPU)RU\TPU\prd\75184  |t Т. 82, № 6  |v С. 1052-1058  |d 2009 
610 1 |a труды учёных ТПУ 
700 1 |a Кузнецов  |b Г. В.  |c специалист в области теплоэнергетики  |c профессор Томского политехнического университета, доктор физико-математических наук  |f 1949-  |g Гений Владимирович  |3 (RuTPU)RU\TPU\pers\25528  |9 11458 
701 1 |a Стрижак  |b П. А.  |c специалист в области теплоэнергетики  |c профессор Томского политехнического университета, доктор физико-математических наук  |f 1985-  |g Павел Александрович  |x TPU  |y Томск  |3 (RuTPU)RU\TPU\pers\25983  |9 11832 
801 1 |a RU  |b 63413507  |c 20130527 
801 2 |a RU  |b 63413507  |c 20150326  |g RCR 
942 |c BK